| 000 | 00697nam a22001937a 4500 | ||
|---|---|---|---|
| 005 | 20250421104012.0 | ||
| 010 | _aB-766394-416 BACEN25 | ||
| 020 |
_a9788121998697 _c365.00 |
||
| 035 | _aB-766394-416 | ||
| 037 | _bUDH | ||
| 082 | _a658.409 | ||
| 100 |
_aAlex, K. _980692 |
||
| 245 |
_aManagerial skills/ _cby K. Alex |
||
| 260 |
_aNew Delhi _bS. Chand Publishing _c2016 |
||
| 270 |
_a7361,Ram Nagar _bNew Delhi _e110055 |
||
| 300 | v |
_a181p. _c24cm(pbk) |
|
| 942 |
_2ddc _cEN _mALE _h658.409 |
||
| 999 |
_c209154 _d209154 |
||